|
|
|
|
| LEADER |
00844nam^a22002532a^4500 |
| 001 |
000833433 |
| 003 |
CZ BrMZK |
| 005 |
20090605160805.0 |
| 007 |
ta |
| 008 |
061122s1972 gw er|||||||||||ger d |
| 040 |
|
|
|a BOA001
|b cze
|d BOA001
|
| 100 |
1 |
|
|a Levi, Primo,
|d 1919-1987
|7 jn19990005032
|4 aut
|
| 245 |
1 |
4 |
|a Die Verdopplung einer schönen Dame :
|b Erzählungen /
|c Primo Levi ; Übertragung von Heinz Riedt
|
| 250 |
|
|
|a 1. Aufl.
|
| 260 |
|
|
|a Leipzig :
|b P. Reclam jun.,
|c 1972
|
| 300 |
|
|
|a 175 s.
|
| 490 |
1 |
|
|a Reclams Universal-Bibliothek ;
|v Bd. 432
|
| 500 |
|
|
|a Přeloženo z italštiny
|
| 765 |
0 |
|
|t Storie Naturali
|9 Německy
|
| 830 |
|
0 |
|a Reclams Universal-Bibliothek
|0 s
|
| 910 |
|
|
|a BOA001
|b 1-0697.203
|
| 990 |
|
|
|a BK
|
| 991 |
|
|
|b 200611
|
| 996 |
7 |
|
|b 2619230793
|c 1-0697.203
|l MZK
|r Sklad / do 1 hodiny
|n 1
|w 000833433
|u 000010
|a 1
|e BOA001
|j MZK50
|s A
|